Les 10 pays avec les plus grands indices de criminalité du monde - Statistiques

Statistiques générales
  • Ce quiz a été pris 335 fois
  • Le résultat moyen est 4 sur 10
Statistiques - réponses
Hint Réponse % Correct
80,7 Venezuela
62%
78,9 Haïti
49%
75,1 Afghanistan
46%
68,1 Syrie
45%
74,7 Afrique du Sud
44%
72 Honduras
43%
67,1 Pérou
38%
67,4 Jamaïque
35%
70,9 Trinité-et-Tobago
12%
80,3 Papouasie Nouvelle Guinée
11%
Aucun quiz correspondant
Distribution des résultats
% des personnes avec chaque résultat
Percentile par nombre de réponses
Votre historique - résultats
Vous n’avez pas pris ce quiz